Statistics for Click to Complete the Movie Title - Animals

Click here to take the quiz!

General Stats

  • This quiz has been taken 1,904 times
  • The average score is 13 of 15

Answer Stats

HintAnswer% Correct
Planet of the ___
98%
Alvin and the ___
97%
___-Man and the Wasp
96%
The ___ of Wall Street
96%
___juice
91%
Who Framed Roger ___
90%
___ Dundee
89%
Babe: ___ in the City
87%
___nado
86%
Of ___ and Men
85%
Wag the ___
81%
Mr. Popper's ___
79%
The ___ Whisperer
77%
Howard the ___
75%
A ___ Called Wanda
74%

Score Distribution

Percentile by Number Answered

Percent of People with Each Score

Your Score History

You have not taken this quiz